000 01103nam a2200349 4500
001 69259
010 _a9789722370769
021 _aPT
_b510383/23
090 _a69259
100 _a20231123d2023 m y0pory50030103ba
101 1 _apor
_ceng
102 _aPT
105 _ay z 000ay
106 _ar
200 1 _aO olhar mais azul
_fToni Morrison
_gtrad. Tânia Ganho
210 9 _aLisboa
_cPresença
_d2023
215 _a187, [2] p.
225 2 _aGrandes narrativas
_v812
304 _aTít. orig.: The bluest eye
675 _a821.111(73)-31"19/20"
_vBN
_zpor
700 1 _aMorrison
_bToni
_cpseud.
_951004
702 _aGanho
_bTânia
_f1973-
_4730
_921280
801 0 _aPT
_bBN
_gRPC
942 _cMON
_n0